000 00548nam a2200181 i 4500
001 42064
003 ES-MaACL
007 t|
008 030312s1983 sp ||||1| spa d
100 1 _aCastaño López-Mesas.
_936439
245 1 0 _aPsicología y orientación vocacional
_b: (un enfoque interactivo) /
_cCastaño López-Mesas.
260 _aMadrid :
_bMarova,
_c[1983]
300 _a418 p. ;
_c24 cm.
490 1 _aEstudios del hombre
830 0 _aEstudios del hombre
_9182300
852 _aES-MaACL
_jL-4952
_bR.105455
999 _c42064
_d42064